Name Every 2018-19 Toronto Maple Leaf - Statistics

General Stats
  • This quiz has been taken 11 times
  • The average score is 18 of 29
Answer Stats
Jersey Number Position GP* Answer % Correct
#34 C 68 Auston Matthews
100%
#43 C 73 Nazem Kadri
100%
#11 RW, LW 71 Zach Hyman
100%
#91 C, LW 82 John Tavares
86%
#16 RW 82 Mitch Marner
86%
#44 LD 82 Morgan Rielly
86%
#18 LW, RW 73 Andreas Johnsson
71%
#28 RW, LW 82 Connor Brown
71%
#31 G 60 Frederik Andersen
71%
#51 LD 62 Jake Gardiner
71%
#8 LD 30 Jake Muzzin
71%
#24 RW 78 Kasperi Kapanen
71%
#30 G 5 Michael Hutchinson
71%
#29 RW 54 William Nylander
71%
#33 C 70 Frederik Gauthier
57%
#32 RW, LW 27 Josh Leivo
57%
#3 RD 11 Justin Holl
57%
#12 LW, C 82 Patrick Marleau
57%
#23 LD/RD 64 Travis Dermott
57%
#48 LD 4 Calle Rosen
43%
#40 G 20 Garret Sparks
43%
#92 RD 53 Igor Ozhiganov
43%
#52 LD 24 Martin Marincin
43%
#19 C, LW, RW 5 Nic Petan
43%
#22 RD 81 Nikita Zaitsev
43%
#26 LW, C 61 Par Lindholm
43%
#2 RD 81 Ron Hainsey
43%
#63 LW, RW 51 Tyler Ennis
43%
#42 LW, RW 25 Trevor Moore
29%
No matching quizzes found
Score Distribution
Percent of People with Each Score
Percentile by Number Answered
Your Score History
You have not taken this quiz